000 00501pab a2200181 454500
008 180718b2009 xxu||||| |||| 00| 0 eng d
100 _aHangaragi, S.S.
245 _aChanging scenario of higher education system in India: a spatio-tempo-sectoral analysis
260 _c2009
300 _ap.3-15.
362 _a29 Jun
650 _aEducational systems - India
650 _aHigher education - India
650 _aHigher education
773 _aUniversity News
908 _aN
909 _a83031
999 _c83031
_d83031